Vẽ kỹ thuật và AutoCAD 2004
Sách giới thiệu chương trình autocad 2004 là phiên bản mới nhất hiện có tại Việt Nam, được bổ sung rất nhiều tính năng tiện ích, dễ sử dụng.
Guardat en:
| Autor principal: | |
|---|---|
| Format: | Llibre |
| Idioma: | Undetermined |
| Publicat: |
Hà Nội
Khoa học và Kỹ thuật
2004
|
| Matèries: | |
| Etiquetes: |
Afegir etiqueta
Sense etiquetes, Sigues el primer a etiquetar aquest registre!
|
| Thư viện lưu trữ: | Trung tâm Học liệu Trường Đại học Cần Thơ |
|---|
| LEADER | 00895nam a2200217Ia 4500 | ||
|---|---|---|---|
| 001 | CTU_60144 | ||
| 008 | 210402s9999 xx 000 0 und d | ||
| 020 | |b 48000 | ||
| 082 | |a 620.00420285 | ||
| 082 | |b D513 | ||
| 100 | |a Trần, Nhất Dũng | ||
| 245 | 0 | |a Vẽ kỹ thuật và AutoCAD 2004 | |
| 245 | 0 | |c Trần Nhất Dũng, Hồ Việt Hải, Bùi Đức Năng | |
| 260 | |a Hà Nội | ||
| 260 | |b Khoa học và Kỹ thuật | ||
| 260 | |c 2004 | ||
| 520 | |a Sách giới thiệu chương trình autocad 2004 là phiên bản mới nhất hiện có tại Việt Nam, được bổ sung rất nhiều tính năng tiện ích, dễ sử dụng. | ||
| 650 | |a AutoCAD ( computer programs ),Drawing engineering | ||
| 650 | |x Computer programs | ||
| 904 | |i Minh | ||
| 980 | |a Trung tâm Học liệu Trường Đại học Cần Thơ | ||